Operations Management : A Systems Concept. (Record no. 2499)

MARC details
005 - DATE AND TIME OF LATEST TRANSACTION
control field 20250522082908.0
020 ## - INTERNATIONAL STANDARD BOOK NUMBER
International Standard Book Number 0-395-04695-5
082 ## - DEWEY DECIMAL CLASSIFICATION NUMBER
Classification number 658.54 JOH
100 ## - MAIN ENTRY--PERSONAL NAME
Author name JOHNSON, R. A.
245 ## - TITLE STATEMENT
Title Operations Management : A Systems Concept.
260 ## - PUBLICATION, DISTRIBUTION, ETC.
Place of publication, distribution, etc. New York,
Name of publisher, distributor, etc. Houghton Mifflin,
Date of publication, distribution, etc. 1972.
300 ## - PHYSICAL DESCRIPTION
Extent iv,546p.: ill.; figure, table
Other physical details Index
Dimensions 24cm.
700 ## - ADDED ENTRY--PERSONAL NAME
Other authors/Editors NEWELL, W. T. & VERGIN, R . C.
942 ## - ADDED ENTRY ELEMENTS (KOHA)
Source of classification or shelving scheme Dewey Decimal Classification
Koha item type Books
Holdings
Date last seen Total checkouts Full call number Barcode Cost, replacement price Price effective from Koha item type Lost status Source of classification or shelving scheme Damaged status Not for loan Withdrawn status Home library Current library Shelving location Date acquired Cost, normal purchase price
05/22/2025   658.54 JOH 0000009427 30000.00 05/22/2025 Books   Dewey Decimal Classification       College of Business Education Main Library College of Business Education Main Library General Collection 08/01/1986 10000.00
05/22/2025   658.54 JOH 0000009428 30000.00 05/22/2025 Books   Dewey Decimal Classification       College of Business Education Main Library College of Business Education Main Library General Collection 08/01/1986 10000.00